Loading...

The Disorder of women: democracy, feminism and political theory

Bibliografiske detaljer
Hovedforfatter: Pateman, Carole
Format: Printed Book
Udgivet: Cambridge, Polity Press 1989
Fag:
LEADER 005500000a22001690004500
020 |a 0-7456-0789-6 
082 |a 305.4 M96 
100 |a Pateman, Carole 
245 |a The Disorder of women: democracy, feminism and political theory 
260 |a Cambridge, Polity Press 
260 |c 1989 
465 |a P 8.95 
650 |a Critical theory 
650 |a Feminist criticism 
942 |c BK 
999 |c 7378  |d 7378 
952 |0 0  |1 0  |4 0  |6 305_400000000000000_M96  |7 0  |8 ENG  |9 7172  |a MGUL  |b MGUL  |d 2013-07-16  |e P 8.95  |l 1  |m 1  |o 305.4 M96  |p 13502  |r 2020-01-22  |s 2019-12-13  |w 2013-07-16  |y BK